LEADER 01364nam a2200337 a 4500 001 000000122888 003 CaOOAMICUS 005 20110208121019.0 008 100901t2010 it u000 u ita r 020 $a978-88-15-10530-1 040 $aPUL$bita$dReb 041 1 $aita$heng 082 04$a340.1 100 1 $aDworkin, Ronald.$0(OLS)http://pul/name/26585 240 10$aTaking rights seriously$lItaliano.$0(OLS)http://pul/title/154911 245 12$aI diritti presi sul serio /$cRonald Dworkin. 250 $aNuova ed. 260 $aBologna :$bIl Mulino,$c©2010. 300 $a505 p. ;$c21 cm 490 1 $aCollezione di testi e di studi.$aDiritto 504 $aBibliografia in nota. 650 4$aMorale.$0(OLS)http://pul/subject/5288 650 4$aLibertą (diritto).$0(OLS)http://pul/subject/8098 830 0$aCollezione di testi e di studi.$pDiritto.$0(OLS)http://pul/title/17552 850 $aPUL 852 $aPUL$W1$xSL Diritto e Scienze Sociali 3$y79$m340. 1 DWORO 2$j141132$qDDC 21$q $B140222$CPULBib$Z2$F140222 $H114579 $81 941 1 $a9 996 $6020$a978-88-15-10530-1$9(OLS)http://pul/number/145304 996 $6082$a340.1$9(OLS)http://pul/classification/476 996 $6245$aI diritti presi sul serio$9(OLS)http://pul/title/154910 996 $6260$aBologna :$bIl Mulino$9(OLS)http://pul/publisher/47928 LEADER 01402nam a2200325 a 4500 001 000000175386 003 CaOOAMICUS 005 20220822120421.0 008 220822s2021 it u000 u ita r 020 $z978-88-467-6058-6* 032 $aLibriCat 040 $aPUL$bita 084 $a111 100 1 $aSuozzi, Stefano.$0(OLS)http://pul/name/112724 245 02$aL'arte della fuga : $battualitą e inattualitą dell'immagine e della scrittura / $cStefano Suozzi. 260 $aPisa :$bETS,$c2021. 300 $a100 p. ;$b$c22 cm 440 0$aPhilosophica (ETS)$pSerie arancio ;$v262 504 $aBibliografia in nota a pič pagina. 650 4$aEstetica$xStudi.$0(OLS)http://pul/subject/8622 830 0$aPhilosophica (ETS)$pSerie arancio ;$v262.$0(OLS)http://pul/title/165240 850 $aPUL 852 $aPUL$W1$xSL Filosofia 3$y81$m103 COLL 13.262$j199590$qDDC 21$B204310$CPULBib$Z2$F204310 $H135764 $82 941 1 $a9 996 $6020$z978-88-467-6058-6*$9(OLS)http://pul/number/168780 996 $6084$a111$9(OLS)http://pul/classification/3351 996 $6245$aL'arte della fuga : $battualitą e inattualitą dell'immagine e della scrittura / $9(OLS)http://pul/title/216816 996 $6440$aPhilosophica (ETS)$pSerie arancio$9(OLS)http://pul/title/165240 996 $6260$aPisa :$bETS$9(OLS)http://pul/publisher/65234